[Event "Warsaw YMCA Spring-A 107th"]
[Site "Warsaw"]
[Date "2012.05.24"]
[Round "7"]
[White "Choroszej, Aleksander"]
[Black "Pieczonka, Marcin"]
[Result "1-0"]
[WhiteElo "2070"]
[BlackElo "2110"]
[PlyCount "55"]
[EventDate "2012.04.13"]
[EventType "tourn"]
[EventRounds "11"]
[EventCountry "POL"]
[SourceTitle "EXT 2013"]
[Source "ChessBase"]
[SourceDate "2012.11.22"]
[SourceVersion "1"]
[SourceVersionDate "2012.11.22"]
[SourceQuality "1"]

1. d4 Nf6 2. c4 g6 3. Nc3 Bg7 4. e4 d6 5. f4 0-0 6. Nf3 c5 7. d5 e6 8. Be2 exd5 9. cxd5 Re8 10. e5 dxe5 11. fxe5 Ng4 12. e6 fxe6 13. d6 Nc6 14. 0-0 Nge5 15. Ne4 h6 16. Qe1 Rf8 17. Qg3 g5 18. Be3 b6 19. Nfxg5 hxg5 20. Bxg5 Qe8 21. Rxf8+ Kxf8 22. Rf1+ Nf7 23. Bf6 Bh6 24. Bh5 Ba6 25. Rf2 Rd8 26. Qg6 Rd7 27. Be7+ Rxe7 28. Qxh6+ 1-0

[Event "Warsaw YMCA Spring-A 107th"]
[Site "Warsaw"]
[Date "2012.04.20"]
[Round "2"]
[White "Pieczonka, Marcin"]
[Black "Jozwik, Jacek"]
[Result "1-0"]
[WhiteElo "2110"]
[BlackElo "2007"]
[PlyCount "47"]
[EventDate "2012.04.13"]
[EventType "tourn"]
[EventRounds "11"]
[EventCountry "POL"]
[SourceTitle "EXT 2013"]
[Source "ChessBase"]
[SourceDate "2012.11.22"]
[SourceVersion "1"]
[SourceVersionDate "2012.11.22"]
[SourceQuality "1"]

1. e4 c6 2. d4 d5 3. Nc3 dxe4 4. Nxe4 Bf5 5. Ng3 Bg6 6. Nf3 Nd7 7. Bd3 Ngf6 8. 0-0 e6 9. Bg5 Be7 10. Re1 Nd5 11. Bxe7 Nxe7 12. Qd2 0-0 13. Rad1 Qc7 14. h4 Rad8 15. h5 Bxd3 16. Qxd3 h6 17. c4 Nf6 18. b4 b6 19. Qe3 b5 20. cxb5 Ned5 21. Qe5 cxb5 22. Rc1 Qe7 23. a3 Nd7 24. Qxd5 1-0

[Event "POL-chT3 Mazowiecki"]
[Site "Warsaw"]
[Date "2011.01.09"]
[Round "1.20"]
[White "Szewczyk, Mariusz"]
[Black "Pieczonka, Marcin"]
[Result "1-0"]
[WhiteElo "1746"]
[BlackElo "2137"]
[PlyCount "53"]
[EventDate "2011.01.09"]
[EventType "team-tourn"]
[EventRounds "10"]
[EventCountry "POL"]
[SourceTitle "EXT 2015"]
[Source "ChessBase"]
[SourceDate "2014.11.20"]
[SourceVersion "1"]
[SourceVersionDate "2014.11.20"]
[SourceQuality "1"]
[WhiteTeam "Warszawa Polonia"]
[BlackTeam "Warszawa Entropia"]
[WhiteTeamCountry "POL"]
[BlackTeamCountry "POL"]

1. e4 e6 2. d4 d5 3. Nc3 Nf6 4. e5 Nfd7 5. Nf3 c5 6. dxc5 Bxc5 7. Bd3 Nc6 8. Qe2 Nb4 9. 0-0 Nxd3 10. cxd3 0-0 11. Be3 b6 12. d4 Be7 13. Nd2 f6 14. f4 fxe5 15. fxe5 Rxf1+ 16. Nxf1 Nf8 17. Ng3 Bd7 18. Rf1 Qe8 19. Qg4 Qg6 20. Qf3 h6 21. Nxd5 exd5 22. Qxd5+ Qe6 23. Qxa8 Bc6 24. Qxa7 Qd5 25. Rf2 Ng6 26. Qxb6 Nh4 27. Qb3 1-0

[Event "Warsaw AIG Life rapid 9th"]
[Site "Warsaw"]
[Date "2009.12.19"]
[Round "2"]
[White "Kempinski, Robert"]
[Black "Pieczonka, Marcin"]
[Result "1-0"]
[WhiteElo "2617"]
[BlackElo "2144"]
[PlyCount "69"]
[EventDate "2009.12.19"]
[EventType "swiss (rapid)"]
[EventRounds "13"]
[EventCountry "POL"]
[SourceTitle "CBM 133 Extra"]
[Source "ChessBase"]
[SourceDate "2010.01.05"]
[SourceVersion "1"]
[SourceVersionDate "2010.01.05"]
[SourceQuality "1"]

1. d4 Nf6 2. c4 g6 3. g3 Bg7 4. Bg2 d6 5. Nf3 0-0 6. 0-0 c5 7. d5 e6 8. Nc3 a6 9. a4 exd5 10. cxd5 Re8 11. Re1 Bg4 12. Bf4 Nh5 13. Bg5 Qc8 14. Nd2 Qf5 15. Nce4 Bf8 16. f3 Bh3 17. g4 Bxg4 18. fxg4 Qxg4 19. e3 Qd7 20. Bf3 f5 21. Bxh5 fxe4 22. Bg4 Qg7 23. Be6+ Rxe6 24. dxe6 Qe5 25. Qg4 d5 26. Rf1 Bg7 27. Rab1 Nc6 28. Bf4 Qf5 29. Qxf5 gxf5 30. Bd6 Bh6 31. Bxc5 d4 32. Kh1 dxe3 33. Nc4 f4 34. Rg1+ Kh8 35. Nd6 1-0

[Event "Warsaw op 04"]
[Site "Warsaw"]
[Date "2009.06.05"]
[Round "9"]
[White "Szefer, Michal"]
[Black "Pieczonka, Marcin"]
[Result "0-1"]
[WhiteElo "2036"]
[BlackElo "2144"]
[PlyCount "116"]
[EventDate "2009.04.07"]
[EventType "swiss"]
[EventRounds "11"]
[EventCountry "POL"]
[SourceTitle "EXT 2012"]
[Source "ChessBase"]
[SourceDate "2011.11.24"]
[SourceVersion "1"]
[SourceVersionDate "2011.11.24"]
[SourceQuality "1"]

1. e4 e6 2. d4 d5 3. Nd2 Nf6 4. e5 Nfd7 5. Bd3 c5 6. c3 Nc6 7. Ne2 cxd4 8. cxd4 f6 9. Nf4 Qe7 10. Qh5+ Kd8 11. Nf3 g5 12. exf6 Nxf6 13. Qxg5 Rg8 14. Nh5 Rxg5 15. Bxg5 Bg7 16. Ne5 Bd7 17. 0-0 Be8 18. Nf4 Nxd4 19. Bxh7 Bb5 20. Rfe1 Rc8 21. Rad1 Nc2 22. Bxc2 Rxc2 23. Neg6 Qf7 24. Rxe6 Bd7 25. Rd6 Kc7 26. Ne5 Qf8 27. Rxd7+ Nxd7 28. Ne6+ Kd6 29. Nxf8 Nxe5 30. Nh7 Rxb2 31. f4 Ng4 32. Bh4 Ne3 33. Rd3 Rxg2+ 34. Kh1 Re2 35. Ng5 Nf5 36. Nf3 Rxa2 37. Be1 a5 38. Rb3 Kc6 39. Bc3 d4 40. Be1 b5 41. h4 b4 42. h5 Kd5 43. Bxb4 axb4 44. Rxb4 Ke4 45. Ng5+ Kxf4 46. Ne6+ Kg3 47. Rb3+ Ne3 48. Rb1 Rh2+ 49. Kg1 Rg2+ 50. Kh1 Be5 51. Nxd4 Rh2+ 52. Kg1 Bxd4 53. Rb8 Rg2+ 54. Kh1 Ng4 55. Rb3+ Be3 56. Rxe3+ Nxe3 57. h6 Ng4 58. h7 Nf2# 0-1

[Event "Warsaw op 04"]
[Site "Warsaw"]
[Date "2009.05.08"]
[Round "5"]
[White "Moskwinski, Tadeusz"]
[Black "Pieczonka, Marcin"]
[Result "1/2-1/2"]
[WhiteElo "2214"]
[BlackElo "2144"]
[PlyCount "63"]
[EventDate "2009.04.07"]
[EventType "swiss"]
[EventRounds "11"]
[EventCountry "POL"]
[SourceTitle "EXT 2012"]
[Source "ChessBase"]
[SourceDate "2011.11.24"]
[SourceVersion "1"]
[SourceVersionDate "2011.11.24"]
[SourceQuality "1"]

1. e4 c5 2. Nf3 g6 3. d4 Bg7 4. Nc3 cxd4 5. Nxd4 Nc6 6. Be3 Nf6 7. Bc4 0-0 8. Bb3 d6 9. h3 Bd7 10. 0-0 Rc8 11. f4 Na5 12. e5 Rxc3 13. bxc3 Ne4 14. Qf3 Nxc3 15. Bf2 Nb5 16. Qd3 Nxd4 17. Bxd4 Nc6 18. c3 dxe5 19. fxe5 Nxe5 20. Bxe5 Bxe5 21. Rxf7 Rxf7 22. Bxf7+ Kg7 23. Kh1 Qc7 24. Bc4 b5 25. Bxb5 Bxb5 26. Qxb5 Qxc3 27. Rd1 Qg3 28. Kg1 Qh2+ 29. Kf2 Qf4+ 30. Kg1 Bd4+ 31. Kh1 Be5 32. Kg1 1/2-1/2

[Event "Mazowiec-chT"]
[Site "Mazowsze"]
[Date "2009.03.30"]
[Round "6"]
[White "Sielicki, Tomasz"]
[Black "Pieczonka, Marcin"]
[Result "0-1"]
[WhiteElo "2047"]
[BlackElo "2144"]
[PlyCount "78"]
[EventDate "2009.01.11"]
[EventType "team-tourn"]
[EventRounds "10"]
[EventCountry "POL"]
[SourceTitle "EXT 2013"]
[Source "ChessBase"]
[SourceDate "2012.11.22"]
[SourceVersion "1"]
[SourceVersionDate "2012.11.22"]
[SourceQuality "1"]

1. d4 Nf6 2. c4 g6 3. Nc3 Bg7 4. Bf4 0-0 5. e3 c6 6. Nf3 d5 7. h3 a6 8. c5 Nbd7 9. Be2 Ne4 10. Qc2 e5 11. Bh2 Nxc3 12. bxc3 e4 13. Nd2 Qg5 14. g4 f5 15. Bf4 Qh4 16. gxf5 Rxf5 17. Bg3 Qe7 18. Bg4 Rf7 19. Bxd7 Bxd7 20. Rb1 Be6 21. Nb3 Rd8 22. Na5 Bc8 23. c4 Bxd4 24. exd4 e3 25. Qe2 Qe4 26. 0-0 Bxh3 27. fxe3 Rdf8 28. Rxf7 Qxb1+ 29. Kh2 Rxf7 30. Kxh3 Rf5 31. Kg2 Qe4+ 32. Kg1 Rf3 33. Bf2 Rh3 34. Kf1 Rh1+ 35. Bg1 Qb1+ 36. Kg2 Rxg1+ 37. Kf2 Rh1 38. Kg2 Qe4+ 39. Kg3 Qh4+ 0-1

[Event "Warsaw Agape"]
[Site "Warsaw"]
[Date "2008.05.07"]
[Round "8"]
[White "Pieczonka, Marcin"]
[Black "Pienkos, Slawomir"]
[Result "1/2-1/2"]
[WhiteElo "2081"]
[BlackElo "2030"]
[PlyCount "127"]
[EventDate "2008.03.05"]
[EventType "tourn"]
[EventRounds "9"]
[EventCountry "POL"]
[SourceTitle "EXT 2023"]
[Source "ChessBase"]
[SourceDate "2022.10.05"]
[SourceVersion "1"]
[SourceVersionDate "2022.10.05"]
[SourceQuality "1"]

1. e4 d6 2. d4 g6 3. Be3 Bg7 4. Nc3 Nc6 5. f3 e5 6. d5 Nce7 7. g4 f5 8. gxf5 gxf5 9. Qd2 Ng6 10. 0-0-0 Bd7 11. Kb1 a6 12. Bh3 f4 13. Bf2 Qe7 14. Nce2 Nf6 15. c4 b6 16. Nc3 Bxh3 17. Nxh3 Nd7 18. Rhg1 Bf6 19. Rg2 0-0-0 20. Rdg1 Kb7 21. Ng5 a5 22. Ne6 Ra8 23. c5 Nxc5 24. Bxc5 dxc5 25. Nb5 Rac8 26. Nexc7 Rxc7 27. d6 Rd7 28. Qd5+ Kb8 29. dxe7 Rxd5 30. exd5 Nxe7 31. Nc3 Rd8 32. Rd2 Nf5 33. Ne4 Bh4 34. d6 Nd4 35. Rd3 c4 36. Ra3 Kb7 37. Rg7+ Kc6 38. Rc3 b5 39. a4 Kd5 40. Rc1 b4 41. Rd1 Ke6 42. Rxh7 Nxf3 43. Nc5+ Kf5 44. Nb7 Rf8 45. Nxa5 Bd8 46. Nxc4 e4 47. Rf1 Ng5 48. Re7 f3 49. h4 Nh3 50. Nd2 Bxe7 51. dxe7 Re8 52. Nxf3 exf3 53. Rxf3+ Nf4 54. Re3 Nd5 55. Re1 Nxe7 56. Ka2 Kf6 57. Kb3 Rb8 58. h5 Nc6 59. Re4 Rh8 60. Rh4 Rh6 61. Kc4 Ke6 62. Kb5 Kd6 63. a5 Kc7 64. Rh2 1/2-1/2

[Event "Warsaw Agape"]
[Site "Warsaw"]
[Date "2008.03.12"]
[Round "2"]
[White "Pieczonka, Marcin"]
[Black "Wilczynski, Adam"]
[Result "1-0"]
[WhiteElo "2081"]
[BlackElo "1909"]
[PlyCount "89"]
[EventDate "2008.03.05"]
[EventType "tourn"]
[EventRounds "9"]
[EventCountry "POL"]
[SourceTitle "EXT 2023"]
[Source "ChessBase"]
[SourceDate "2022.10.05"]
[SourceVersion "1"]
[SourceVersionDate "2022.10.05"]
[SourceQuality "1"]

1. c4 e5 2. Nc3 Nf6 3. g3 Bc5 4. Bg2 Nc6 5. a3 a6 6. e3 0-0 7. Nge2 Re8 8. 0-0 e4 9. Qc2 d6 10. Nxe4 Ba7 11. b4 Ne5 12. Nxf6+ Qxf6 13. Nf4 c6 14. Bb2 Qh6 15. d4 Ng4 16. h3 Nf6 17. d5 cxd5 18. Bxf6 Qxf6 19. Nxd5 Qd8 20. Rfd1 Bd7 21. Rac1 Rc8 22. Qd3 Qg5 23. Nf4 Bc6 24. Qxd6 Red8 25. h4 Rxd6 26. hxg5 Rcd8 27. Nd5 Kf8 28. Nc3 Bxg2 29. Kxg2 Rd2 30. Nd5 Rxd1 31. Rxd1 Bb8 32. f4 f6 33. gxf6 gxf6 34. Kf3 Kf7 35. Nc3 Rxd1 36. Nxd1 f5 37. e4 fxe4+ 38. Kxe4 Kf6 39. Ne3 h5 40. c5 Ke6 41. Nc4 Bc7 42. Nd6 b6 43. Ne8 Bd8 44. cxb6 Bxb6 45. Ng7+ 1-0

[Event "Rewal op-A 12th"]
[Site "Rewal"]
[Date "2007.08.29"]
[Round "9"]
[White "Pieczonka, Marcin"]
[Black "Majcher, Marcin"]
[Result "0-1"]
[WhiteElo "2055"]
[BlackElo "2163"]
[PlyCount "106"]
[EventDate "2007.08.20"]
[EventType "swiss"]
[EventRounds "9"]
[EventCountry "POL"]
[SourceTitle "CBM 120 Extra"]
[Source "ChessBase"]
[SourceDate "2007.11.01"]
[SourceVersion "1"]
[SourceVersionDate "2007.11.01"]
[SourceQuality "1"]

1. e4 c5 2. Nf3 d6 3. d4 cxd4 4. Nxd4 Nf6 5. Nc3 a6 6. f3 e5 7. Nb3 Be6 8. Be3 Be7 9. Qd2 0-0 10. 0-0-0 Nbd7 11. g4 b5 12. Kb1 b4 13. Na4 a5 14. h4 Qc7 15. Bb5 Rfb8 16. Qe2 Qb7 17. c4 bxc3 18. Nxc3 a4 19. Nc1 Ra5 20. Bxd7 Nxd7 21. h5 Nb6 22. g5 Qc6 23. Bxb6 Rxb6 24. Qd2 Rc5 25. Nd5 Bxd5 26. exd5 Qb7 27. Rhg1 Rxd5 28. Nd3 a3 29. Qc3 axb2 30. g6 Rd4 31. gxf7+ Kxf7 32. f4 Rc6 33. Qa3 e4 34. Nf2 Rdc4 35. Qb3 Qxb3 36. axb3 Rc1+ 37. Rxc1 Rxc1+ 38. Rxc1 bxc1Q+ 39. Kxc1 d5 40. Kd2 Bb4+ 41. Ke2 Ke6 42. Ng4 d4 43. h6 gxh6 44. Nxh6 Bf8 45. Ng4 Kf5 46. Ne5 Kxf4 47. Nd7 Bb4 48. Nb6 d3+ 49. Kd1 Kf3 50. Nd5 Bd6 51. Kd2 Bf4+ 52. Kc3 Be5+ 53. Kd2 h5 0-1

[Event "Rewal op-A 12th"]
[Site "Rewal"]
[Date "2007.08.28"]
[Round "8"]
[White "Nguyen, Piotr"]
[Black "Pieczonka, Marcin"]
[Result "1-0"]
[WhiteElo "2283"]
[BlackElo "2055"]
[PlyCount "63"]
[EventDate "2007.08.20"]
[EventType "swiss"]
[EventRounds "9"]
[EventCountry "POL"]
[SourceTitle "CBM 120 Extra"]
[Source "ChessBase"]
[SourceDate "2007.11.01"]
[SourceVersion "1"]
[SourceVersionDate "2007.11.01"]
[SourceQuality "1"]

1. f4 d5 2. Nf3 Nf6 3. g3 g6 4. Bg2 Bg7 5. 0-0 c5 6. d3 0-0 7. Nc3 Nc6 8. Ne5 Nxe5 9. fxe5 Ng4 10. Nxd5 Nxe5 11. Bg5 Nc6 12. c3 Qd6 13. Qd2 f5 14. Rae1 e5 15. e4 Be6 16. a3 Rae8 17. b4 cxb4 18. axb4 a6 19. Be3 Rf7 20. Rb1 Qb8 21. b5 axb5 22. Rxb5 Rd8 23. Rfb1 Rdf8 24. Qb2 f4 25. Bc5 f3 26. Bf1 f2+ 27. Kh1 Bg4 28. h3 Qc8 29. Kh2 Rf3 30. Rxb7 Rxg3 31. Rxg7+ Kxg7 32. Qb7+ 1-0

[Event "Rewal op-A 12th"]
[Site "Rewal"]
[Date "2007.08.27"]
[Round "7"]
[White "Pieczonka, Marcin"]
[Black "Brodowski, Piotr"]
[Result "0-1"]
[WhiteElo "2055"]
[BlackElo "2365"]
[PlyCount "103"]
[EventDate "2007.08.20"]
[EventType "swiss"]
[EventRounds "9"]
[EventCountry "POL"]
[SourceTitle "CBM 120 Extra"]
[Source "ChessBase"]
[SourceDate "2007.11.01"]
[SourceVersion "1"]
[SourceVersionDate "2007.11.01"]
[SourceQuality "1"]

1. c4 Nf6 2. Nf3 g6 3. g3 Bg7 4. Bg2 0-0 5. 0-0 d5 6. cxd5 Nxd5 7. Nc3 Nb6 8. d3 Nc6 9. Be3 h6 10. Rc1 e5 11. Na4 Nd5 12. Bc5 Re8 13. Ne1 a5 14. e4 Ndb4 15. a3 Na6 16. Be3 Be6 17. Nc5 Nxc5 18. Rxc5 Nd4 19. f4 Qd6 20. Rxe5 Bxe5 21. fxe5 Qxe5 22. Bxh6 Rad8 23. Qd2 c5 24. Bf4 Qh5 25. Qxa5 c4 26. Qxh5 gxh5 27. Kf2 Bg4 28. Bg5 Rd7 29. Ke3 Rc8 30. Bf6 Nb3 31. Bc3 Rcd8 32. dxc4 Nd2 33. Rf6 Nxc4+ 34. Kf4 Rd6 35. Rxd6 Nxd6 36. a4 Rc8 37. Nc2 Bd1 38. Nd4 Bxa4 39. e5 Nb5 40. Nxb5 Bxb5 41. Bxb7 Rc4+ 42. Kg5 Rg4+ 43. Kxh5 Be2 44. Bh1 Rxg3+ 45. Kh4 Rg4+ 46. Kh3 Kh7 47. Be1 Kg6 48. Bg3 Kf5 49. Kg2 Rb4 50. Kf2 Rxb2 51. Ke3 Bc4 52. Kd4 0-1

[Event "Rewal op-A 12th"]
[Site "Rewal"]
[Date "2007.08.26"]
[Round "6"]
[White "Smirnov, Aleksander"]
[Black "Pieczonka, Marcin"]
[Result "0-1"]
[WhiteElo "2247"]
[BlackElo "2055"]
[PlyCount "66"]
[EventDate "2007.08.20"]
[EventType "swiss"]
[EventRounds "9"]
[EventCountry "POL"]
[SourceTitle "CBM 120 Extra"]
[Source "ChessBase"]
[SourceDate "2007.11.01"]
[SourceVersion "1"]
[SourceVersionDate "2007.11.01"]
[SourceQuality "1"]

1. e4 e6 2. d3 d5 3. Nd2 c5 4. Ngf3 g6 5. Be2 Bg7 6. c3 Nc6 7. 0-0 Nge7 8. Rb1 0-0 9. Re1 f5 10. Bf1 d4 11. c4 Qc7 12. exf5 exf5 13. g3 f4 14. Ng5 fxg3 15. hxg3 Ne5 16. f4 Ng4 17. Ne6 Bxe6 18. Rxe6 Ne3 19. Qe1 g5 20. Nf3 gxf4 21. g4 Qd7 22. Rxe7 Qxe7 23. Bh3 Rae8 24. Bd2 Qe6 25. Qh4 Qg6 26. Ne1 f3 27. Kf2 Bf6 28. Qg3 Be5 29. Qh4 Rf4 30. Qh5 Qxh5 31. gxh5 Rh4 32. Bd7 Rf8 33. Nxf3 Rh2+ 0-1

[Event "Rewal op-A 12th"]
[Site "Rewal"]
[Date "2007.08.24"]
[Round "4"]
[White "Paci, Cedric"]
[Black "Pieczonka, Marcin"]
[Result "1/2-1/2"]
[WhiteElo "2304"]
[BlackElo "2055"]
[PlyCount "68"]
[EventDate "2007.08.20"]
[EventType "swiss"]
[EventRounds "9"]
[EventCountry "POL"]
[SourceTitle "CBM 120 Extra"]
[Source "ChessBase"]
[SourceDate "2007.11.01"]
[SourceVersion "1"]
[SourceVersionDate "2007.11.01"]
[SourceQuality "1"]

1. Nf3 Nf6 2. c4 d6 3. d4 g6 4. g3 Bg7 5. Bg2 0-0 6. 0-0 c5 7. Nc3 Nc6 8. d5 Na5 9. Nd2 e6 10. Rb1 exd5 11. cxd5 Rb8 12. b3 Re8 13. Bb2 b5 14. Qc2 b4 15. Nce4 Bf5 16. Nxf6+ Bxf6 17. e4 Bd7 18. f4 Bxb2 19. Qxb2 Qc7 20. e5 Bf5 21. Be4 Bh3 22. Bd3 Bxf1 23. Rxf1 dxe5 24. Ne4 Rb6 25. d6 Rxd6 26. fxe5 Rde6 27. Bb5 Rd8 28. Nf6+ Kg7 29. Ne8+ Rdxe8 30. Bxe8 Qxe5 31. Rxf7+ Kh6 32. Qd2+ Qe3+ 33. Qxe3+ Rxe3 34. Rxa7 Rxe8 1/2-1/2

[Event "Rewal op-A 12th"]
[Site "Rewal"]
[Date "2007.08.22"]
[Round "2"]
[White "Helstroffer, Arnaud"]
[Black "Pieczonka, Marcin"]
[Result "1-0"]
[WhiteElo "2234"]
[BlackElo "2055"]
[PlyCount "57"]
[EventDate "2007.08.20"]
[EventType "swiss"]
[EventRounds "9"]
[EventCountry "POL"]
[SourceTitle "CBM 120 Extra"]
[Source "ChessBase"]
[SourceDate "2007.11.01"]
[SourceVersion "1"]
[SourceVersionDate "2007.11.01"]
[SourceQuality "1"]

1. e4 c5 2. Nf3 e6 3. Nc3 Nc6 4. d4 cxd4 5. Nxd4 Nf6 6. Ndb5 d6 7. Bf4 e5 8. Bg5 a6 9. Na3 Be6 10. Nc4 b5 11. Bxf6 gxf6 12. Ne3 Nd4 13. a4 b4 14. Ncd5 f5 15. exf5 Nxf5 16. Nxf5 Bxf5 17. Qf3 Be6 18. Nc7+ Qxc7 19. Qxa8+ Qc8 20. Qxa6 Qxc2 21. Bb5+ Ke7 22. Qb7+ Kf6 23. Qf3+ Bf5 24. 0-0 Rg8 25. Bd7 Be7 26. Rfc1 Qe4 27. Qxf5+ Qxf5 28. Bxf5 Kxf5 29. Rc7 1-0

[Event "Warsaw YMCA Autumn 29th"]
[Site "Warsaw"]
[Date "2006.12.22"]
[Round "12"]
[White "Wrabel, Antoni"]
[Black "Pieczonka, Marcin"]
[Result "0-1"]
[WhiteElo "1931"]
[BlackElo "1992"]
[PlyCount "72"]
[EventDate "2006.09.27"]
[EventType "tourn"]
[EventRounds "13"]
[EventCountry "POL"]
[SourceTitle "EXT 2019"]
[Source "ChessBase"]
[SourceDate "2018.10.10"]
[SourceVersion "1"]
[SourceVersionDate "2018.10.10"]
[SourceQuality "1"]

1. e4 e6 2. Nf3 c5 3. d4 cxd4 4. Nxd4 Nf6 5. Nc3 Nc6 6. Be2 Bb4 7. 0-0 0-0 8. Bg5 Be7 9. Nf3 h6 10. Bf4 Qb6 11. Rb1 d5 12. exd5 exd5 13. Nb5 Bf5 14. a3 a6 15. Nbd4 Be4 16. Nxc6 bxc6 17. Bd3 Rfe8 18. Nd2 Bxd3 19. cxd3 Qd4 20. Qf3 Nd7 21. Qg3 g5 22. Bd6 Bf6 23. Qh3 Re6 24. Bb4 Kg7 25. Bc3 Qf4 26. Bxf6+ Nxf6 27. Nb3 Re2 28. Nc5 Qd4 29. b4 Rae8 30. Nxa6 Ng4 31. Qf3 Nxf2 32. h4 g4 33. Qf5 R8e5 34. Qxe5+ Rxe5 35. Nc5 g3 36. Nd7 Qxh4 0-1

[Event "Warsaw YMCA Autumn 29th"]
[Site "Warsaw"]
[Date "2006.12.08"]
[Round "10"]
[White "Pieczonka, Marcin"]
[Black "Matuszewski, Michal"]
[Result "1/2-1/2"]
[WhiteElo "1992"]
[BlackElo "2006"]
[PlyCount "123"]
[EventDate "2006.09.27"]
[EventType "tourn"]
[EventRounds "13"]
[EventCountry "POL"]
[SourceTitle "EXT 2019"]
[Source "ChessBase"]
[SourceDate "2018.10.10"]
[SourceVersion "1"]
[SourceVersionDate "2018.10.10"]
[SourceQuality "1"]

1. Nf3 f5 2. c4 Nf6 3. Nc3 g6 4. d4 Bg7 5. h4 d6 6. Bf4 Nh5 7. e3 0-0 8. Be2 Nd7 9. Ng5 Ndf6 10. Qb3 c5 11. g3 h6 12. Nh3 Ng4 13. d5 a6 14. a4 b6 15. Ng1 Bd7 16. Rd1 Rb8 17. Nf3 Nhf6 18. Qc2 Qe8 19. 0-0 Nh7 20. Kg2 Ne5 21. Rh1 Rf7 22. Nd2 Qf8 23. e4 Nf6 24. f3 Nh5 25. Bxe5 dxe5 26. Nf1 Nf6 27. Bd3 Ne8 28. h5 fxe4 29. Bxe4 g5 30. g4 Nd6 31. Qe2 Rf4 32. Ng3 Qd8 33. Bd3 Qc7 34. Nce4 b5 35. axb5 axb5 36. b3 Rbf8 37. Rhf1 bxc4 38. bxc4 Rb8 39. Rb1 Rff8 40. Qe3 Nb7 41. Nxg5 hxg5 42. Qxg5 Qd6 43. Ne4 Qh6 44. Qxe7 Rf7 45. Qh4 Qe3 46. Bc2 Rff8 47. Qe7 Rf7 48. Qg5 Qxg5 49. Nxg5 Rff8 50. Ne4 Rfc8 51. Bd3 Be8 52. Rb6 Nd8 53. Rxb8 Rxb8 54. Nxc5 Bf8 55. Ne4 Kg7 56. Rb1 Rxb1 57. Bxb1 Nb7 58. Ng5 Nc5 59. Bf5 Be7 60. Nh3 Na4 61. g5 Bxh5 62. Bd3 1/2-1/2

[Event "Agape"]
[Site "Agape"]
[Date "2006.11.25"]
[Round "3"]
[White "Sokalski, Daniel"]
[Black "Pieczonka, Marcin"]
[Result "1/2-1/2"]
[WhiteElo "2140"]
[BlackElo "1992"]
[PlyCount "29"]
[EventDate "2006.11.11"]
[EventType "tourn"]
[EventRounds "11"]
[EventCountry "POL"]
[SourceTitle "EXT 2011"]
[Source "ChessBase"]
[SourceDate "2010.11.26"]
[SourceVersion "1"]
[SourceVersionDate "2010.11.26"]
[SourceQuality "1"]

1. e4 c5 2. Nf3 Nc6 3. d4 cxd4 4. Nxd4 g6 5. Nc3 Bg7 6. Be3 d6 7. Be2 Nf6 8. 0-0 0-0 9. Qd2 Bd7 10. Rad1 Rc8 11. Rfe1 Ne5 12. f3 Nc4 13. Bxc4 Rxc4 14. Qd3 Qc8 15. Nde2 1/2-1/2

[Event "Warsaw YMCA Autumn 29th"]
[Site "Warsaw"]
[Date "2006.10.20"]
[Round "4"]
[White "Pieczonka, Marcin"]
[Black "Kwiatkowski, Andrzej"]
[Result "1-0"]
[WhiteElo "1992"]
[BlackElo "1868"]
[PlyCount "61"]
[EventDate "2006.09.27"]
[EventType "tourn"]
[EventRounds "13"]
[EventCountry "POL"]
[SourceTitle "EXT 2019"]
[Source "ChessBase"]
[SourceDate "2018.10.10"]
[SourceVersion "1"]
[SourceVersionDate "2018.10.10"]
[SourceQuality "1"]

1. c4 e5 2. Nc3 Nf6 3. g3 d5 4. cxd5 Nxd5 5. Bg2 Nb6 6. Nf3 Nc6 7. 0-0 Be7 8. d3 0-0 9. a3 Be6 10. Be3 f6 11. Rc1 Nd5 12. Bd2 Nxc3 13. Bxc3 Qe8 14. b4 Rd8 15. Qc2 Qf7 16. b5 Nd4 17. Bxd4 exd4 18. Qb2 c5 19. bxc6 bxc6 20. Nxd4 Rb8 21. Qc3 c5 22. Nc6 Rb3 23. Qa5 Bd6 24. Nxa7 c4 25. Nb5 Bc5 26. dxc4 Bxc4 27. a4 Bb4 28. Qb6 Rc8 29. Rfd1 Qe6 30. Qxe6+ Bxe6 31. Rxc8+ 1-0

[Event "Golden Rook op"]
[Site "Chotowa"]
[Date "2003.05.10"]
[Round "5"]
[White "Pieczonka, Marcin"]
[Black "Krawczyk, Wieslaw"]
[Result "1-0"]
[WhiteElo "1800"]
[BlackElo "2125"]
[PlyCount "48"]
[EventDate "2003.05.??"]
[EventType "swiss"]
[EventRounds "9"]
[EventCountry "POL"]
[SourceTitle "EXT 2005"]
[Source "ChessBase"]
[SourceDate "2004.11.15"]
[SourceVersion "1"]
[SourceVersionDate "2004.11.15"]
[SourceQuality "1"]

1. e4 c5 2. Nf3 g6 3. d4 cxd4 4. Nxd4 Bg7 5. Nc3 Nc6 6. Be3 d6 7. Qd2 Nf6 8. f3 0-0 9. 0-0-0 Re8 10. g4 Bd7 11. h4 Rc8 12. h5 Ne5 13. hxg6 fxg6 14. Kb1 Nc4 15. Bxc4+ Rxc4 16. Nd5 e6 17. Nc3 a6 18. Nb3 d5 19. exd5 exd5 20. g5 d4 21. Bxd4 Bc6 22. Bxf6 Bxf6 23. Qh2 Qe7 24. gxf6 Qf7 1-0

[Event "Golden Rook op"]
[Site "Chotowa"]
[Date "2003.05.06"]
[Round "1"]
[White "Tyszkiewicz, Zbigniew"]
[Black "Pieczonka, Marcin"]
[Result "1-0"]
[WhiteElo "1800"]
[BlackElo "2143"]
[PlyCount "51"]
[EventDate "2003.05.??"]
[EventType "swiss"]
[EventRounds "9"]
[EventCountry "POL"]
[SourceTitle "EXT 2005"]
[Source "ChessBase"]
[SourceDate "2004.11.15"]
[SourceVersion "1"]
[SourceVersionDate "2004.11.15"]
[SourceQuality "1"]

1. Nf3 Nf6 2. c4 d5 3. d4 e6 4. Nc3 Bb4 5. a3 Bxc3+ 6. bxc3 Ne4 7. Qc2 c6 8. e3 Nd7 9. Bd3 Ndf6 10. 0-0 Qa5 11. Bb2 0-0 12. a4 Re8 13. Ne5 Qc7 14. c5 h6 15. c4 Bd7 16. Rfc1 Rac8 17. a5 b5 18. axb6 axb6 19. f3 Ng5 20. cxb6 Qd8 21. c5 Rb8 22. Ra7 Re7 23. Rca1 Be8 24. Rxe7 Qxe7 25. Ra7 Rb7 26. Ra8 1-0